000 00867nam a2200253Ia 4500
003 OSt
005 20221005105209.0
006 a|||||r|||| 00| 0
007 ta
008 221004b |||||||| |||| 00| 0 hin d
024 _a4360
037 _bGift, 21/05/2013,
_cTextual
040 _aCRL
_cCRL
_bhin
041 _2hin
_ahin
082 _aO152,1x, M0
100 _aशर्मा, शशि, संपा.
245 0 _aमैं तुमसे अलग तो नहीं
246 _aMaian tumase alag to nahīan
260 _aनई दिल्ली
_bअनुराग प्रकाशन भारत
_c1980
300 _a71पृ0
_ccm.
650 _aहिन्दी साहित्य
942 _hO152,1x, M0
_cTEXL
_2cc
999 _c1015078
_d1015078